Glosario de arte y artistas alcoyanos / (Record no. 109047)

MARC details
000 -LEADER
campo de control de longitud fija 00404nam a2200145 4500
001 - NÚMERO DE CONTROL
campo de control 109047
003 - IDENTIFICADOR DE NÚMERO DE CONTROL
campo de control ES-MaACL
007 - CAMPO FIJO DE DESCRIPCIÓN FÍSICA--INFORMACIÓN GENERAL
campo de control de longitud fija t|
008 - DATOS DE LONGITUD FIJA--INFORMACIÓN GENERAL
campo de control de longitud fija 061121s1967 sp r ||||1| spa d
100 1# - ENTRADA PRINCIPAL--NOMBRE DE PERSONA
Nombre de persona Miró, Adrián.
9 (RLIN) 81595
245 10 - MENCIÓN DEL TÍTULO
Título Glosario de arte y artistas alcoyanos /
Mención de responsabilidad, etc. Adrián Miró.
260 ## - PUBLICACIÓN, DISTRIBUCIÓN, ETC.
Lugar de publicación, distribución, etc. Alcoy,
Fecha de publicación, distribución, etc. 1967 (
Fabricante Imp. La Victoria)
300 ## - DESCRIPCIÓN FÍSICA
Extensión 88 p. ;
Dimensiones 21 cm.
852 ## - LOCALIZACIÓN
Ubicación ES-MaACL
Número de control de estantería B-8489
Sublocalización o colección R.66304
Holdings
Estatus retirado Estado de pérdida Estado de daño No para préstamo Biblioteca de origen Biblioteca actual Ubicación en estantería Fecha de adquisición Fuente de adquisición Total de préstamos Signatura topográfica completa Código de barras Visto por última vez Precio de reemplazo Tipo de ítem Koha
        Biblioteca del Ateneo de Madrid Biblioteca del Ateneo de Madrid Sala Pardo Bazán 17/01/2008     B-8489 1113782 23/02/2023 23/02/2023 Libro impreso